UBT Library

Applied Circuit Analysis (Record no. 54908)

000 -LEADER
fixed length control field 00317nam a22001457a 4500
008 - FIXED-LENGTH DATA ELEMENTS--GENERAL INFORMATION
fixed length control field 190925b ||||| |||| 00| 0 eng d
020 ## - INTERNATIONAL STANDARD BOOK NUMBER
International Standard Book Number 9780078028076
041 ## - LANGUAGE CODE
Language code of text/sound track or separate title eng
080 ## - UNIVERSAL DECIMAL CLASSIFICATION NUMBER
Universal Decimal Classification number 004
082 ## - DEWEY DECIMAL CLASSIFICATION NUMBER
Classification number 004
100 ## - Rafti
Rafti 28
101 ## - Shkurtesa
Shkurtesa SHKI
245 ## - TITLE STATEMENT
Title Applied Circuit Analysis
Statement of responsibility, etc Sadiku.M.N.O
942 ## - ADDED ENTRY ELEMENTS (KOHA)
Source of classification or shelving scheme
Item type Books
Holdings
Withdrawn status Lost status Source of classification or shelving scheme Damaged status Not for loan Collection code Permanent location Current location Date acquired Total Checkouts Full call number Barcode Date last seen Price effective from Koha item type
            UBT - Lipjan UBT - Lipjan 09/25/2019   004   09/25/2019 09/25/2019 Books
          Koleksioni i përgjithshem UBT - Prizren UBT - Prizren 09/25/2019   004 002-3020310 09/25/2019 09/25/2019 Books
          Koleksioni i përgjithshem UBT - Prizren UBT - Prizren 09/25/2019   004 002-3020305 09/25/2019 09/25/2019 Books
          Koleksioni i përgjithshem UBT - Prizren UBT - Prizren 09/25/2019   004 002-3020300 09/25/2019 09/25/2019 Books
          Koleksioni i përgjithshem UBT - Prizren UBT - Prizren 09/25/2019   004 002-3020295 09/25/2019 09/25/2019 Books
          Koleksioni i përgjithshem UBT - Prizren UBT - Prizren 09/25/2019   004 002-3020290 09/25/2019 09/25/2019 Books
          Koleksioni i përgjithshem UBT - Prizren UBT - Prizren 09/25/2019   004 002-3020285 09/25/2019 09/25/2019 Books
          Koleksioni i përgjithshem UBT - Prizren UBT - Prizren 09/25/2019   004 002-3020280 09/25/2019 09/25/2019 Books
          Koleksioni i përgjithshem UBT - Prizren UBT - Prizren 09/25/2019   004 002-3020275 09/25/2019 09/25/2019 Books
          Koleksioni i përgjithshem UBT - Prizren UBT - Prizren 09/25/2019   004 002-3020270 09/25/2019 09/25/2019 Books
          Koleksioni i përgjithshem UBT - Prizren UBT - Prizren 09/25/2019   004 002-3020265 09/25/2019 09/25/2019 Books
UBT Library © 2015-2024. All rights reserved University Education for Business and Technology